Popularne zagraniczne piosenki w Polsce. 04-10.06 Spotify - Statystyki

Ogólne statystyki
  • Ten quiz został rozwiązany 6 razy
  • Średni wynik to 7 z 30
Statystyki odpowiedzi
Wykonawca Odsłuchania Utwór % Poprawnych
Maneskin 509K Beggin'
67%
Maneskin 1.10M I WANNA BE YOUR SLAVE
67%
Maneskin 759K ZITTI E BUONI
67%
Olivia Rodrigo 274K drivers license
50%
Dua Lipa, DaBaby 436K Levitating
50%
The Weeknd, Ariana Grande 328K Save Your Tears (Remix)
50%
Masked Wolf 405K Astronaut In The Ocean
33%
Bella Poarch 234K Build a Bitch
33%
BTS 296K Butter
33%
Lil Nas X 441K MONTERO (Call Me By Your Name)
33%
Harry Styles 268K Watermelon Sugar
33%
The Weeknd 268K Blinding Lights
17%
Maneskin 319K CORALINE
17%
Olivia Rodrigo 292K deja vu
17%
Imagine Dragons 319K Follow You
17%
Riton, Nightcrawlers, Mufasa, Hypeman 559K Friday
17%
Olivia Rodrigo 682K good 4 u
17%
Olivia Rodrigo 213K happier
17%
Doja Cat, SZA 337K Kiss Me More
17%
MEDUZA, Dermot Kennedy 218K Paradise
17%
Justin Bieber, Daniel Caesar, Giveon 352K Peaches
17%
Majestic, Boney M. 369K Rasputin
17%
Joel Corry, MNEK 235K Head & Heart
0%
Tom Grennan 304K Little Bit of Love
0%
Billie Eilish 340K Lost Cause
0%
The Neighbourhood 216K Sweater Weather
0%
Tiesto 305K The Business
0%
Ofenbach, Lagique 236K Wasted Love
0%
Toby Romeo, Felix Jaehn, FAULHABER 239K Where The Lights Are Low
0%
ATB, Topic, A7S 317K Your Love (9PM)
0%
Nie znaleziono quizów pasujących do podanych kryteriów
Rozkład punktacji
Procent ludzi z każdym wynikiem
Percentyl według liczby udzielonych odpowiedzi
Twoja historia wyników
Nie rozwiązałeś tego quizu